LEADER 00764nam0-22002651i-450- 001 990001073770403321 035 $a000107377 035 $aFED01000107377 035 $a(Aleph)000107377FED01 035 $a000107377 100 $a20000920d1972----km-y0itay50------ba 101 0 $aeng 200 1 $aProfessore, permette...?$eIndagine sui libri al disopra di ogni sospetto i testi delle scuole superiori$fClaudio Venturi 210 $aFirenze$cGuaraldi$d1972 610 0 $aScuola e società 676 $a370 700 1$aVenturi,$bClaudio$051088 801 0$aIT$bUNINA$gRICA$2UNIMARC 901 $aBK 912 $a990001073770403321 952 $a1F-105$b8630$fFI1 959 $aFI1 996 $aProfessore, permette...$9336380 997 $aUNINA DB $aING01 LEADER 02043nam 22005895 450 001 9910799207403321 005 20240312125835.0 010 $a9783031488986 010 $a3031488989 024 7 $a10.1007/978-3-031-48898-6 035 $a(CKB)29476201700041 035 $a(MiAaPQ)EBC31046016 035 $a(Au-PeEL)EBL31046016 035 $a(DE-He213)978-3-031-48898-6 035 $a(OCoLC)1416747703 035 $a(EXLCZ)9929476201700041 100 $a20231228d2023 u| 0 101 0 $aeng 135 $aur||||||||||| 181 $ctxt$2rdacontent 182 $cc$2rdamedia 183 $acr$2rdacarrier 200 10$aOut of Character $eDebating Dutchness, Narrating Citizenship /$fby Rogier van Reekum 205 $a1st ed. 2023. 210 1$aCham :$cSpringer Nature Switzerland :$cImprint: Palgrave Macmillan,$d2023. 215 $a1 online resource (301 pages) 225 1 $aCultural Sociology,$x2946-3580 311 08$a9783031488979 327 $aChapter 1. Introduction: Enacting Debate, Composing Problems -- Chapter 2. How Dutchness Became a Public Problem -- Chapter 3. Dialogical Dutchness: Enacting Dutchness Through debate -- Chapter 4. Re-membering the Native Public -- Chapter 5. The Return of Race in Native Soil -- Chapter 6. Conclusion: Out of Character. 330 $a . 410 0$aCultural Sociology,$x2946-3580 606 $aCulture 606 $aPolitical sociology 606 $aEurope$xPolitics and government 606 $aSociology of Culture 606 $aPolitical Sociology 606 $aEuropean Politics 615 0$aCulture. 615 0$aPolitical sociology. 615 0$aEurope$xPolitics and government. 615 14$aSociology of Culture. 615 24$aPolitical Sociology. 615 24$aEuropean Politics. 676 $a305.8009492 700 $avan Reekum$b Rogier$01586492 801 0$bMiAaPQ 801 1$bMiAaPQ 801 2$bMiAaPQ 906 $aBOOK 912 $a9910799207403321 996 $aOut of Character$93872896 997 $aUNINA